000
00270cam a22000977a 4500
008
180718b1966 xxu||||| |||| 00| 0 eng d
082
_a
J701x931 N42
245
_a
Town and country planning regulations 1960
260
_a
New Zealand
_b
Government Press
_c
1966
300
_a
v.p.
999
_c
415946
_d
415946